000 01094nam a2200229Ii 4500
003 JO-AjNU
005 20240623115156.0
008 230605s9999||||xx |||||||||||||| ||und||
040 _aJO-AjNU
_bara
_erda
_cJO-AjNU
041 _aara
050 1 4 _aBP144 2015
100 3 _aاعداد الزعبي، اسماء شحادة بشير؛ اشراف احمد مصطفى القضاة,
_eauthor
_957837
245 0 0 _aالعقوبات التعزيزية الاختيارية في الفقة الاسلامي دراسة مقارنة=Elective Ta'zir Penalties in Islamic Fiqh- comparative study
264 3 1 _a 2015
300 _a108 ورقة
336 _atext
_btxt
_2rdacontent
337 _aunmediated
_bn
_2rdamedia
338 _avolume
_bnc
_2rdacarrier
500 _aرسالة جامعية (دكتوراة في تخصص الفقه واصوله)--جامعة العلوم الاسلامية العالمية، كلية الدراسات العليا، عمان)، 2015، يشتمل على ببلوغرافيا
650 4 _aالعقوبات - الفقه الاسلامي
_957838
942 _2lcc
_cTHS
999 _c29510
_d29510